The Eras Tour - Surprise songs 2023 - Statistics

General Stats
  • This quiz has been taken 108 times
  • The average score is 68 of 132
Answer Stats
Country City Night Answer % Correct
US Arlington N1 Ours
89%
US Las Vegas N1 Our Song
85%
US Los Angeles N2 Our Song
85%
US Glendale N1 Tim McGraw
83%
US Glendale N1 mirrorball
79%
US Tampa N2 You're On Your Own, Kid
77%
Mexico Mexico City N3 You're On Your Own, Kid
77%
Argentina Buenos Aires N2 Is It Over Now / Out Of The Woods
73%
US East Rutherford N1 Maroon
73%
US Los Angeles N1 Maroon
73%
Mexico Mexico City N4 Maroon
73%
US Los Angeles N3 You're On Your Own, Kid
72%
US East Rutherford N1- with Jack Antonoff Getaway Car
70%
US Tampa N1 Speak Now
70%
Brazil Rio de Janeiro N3 Me!
69%
US Arlington N2 Clean
65%
US East Rutherford N3 Clean
65%
US Nashville N2 Out Of The Woods
63%
US Las vegas N2 - with Marcus Mumford cowboy like me
62%
US Arlington N2 Death by a Thousand Cuts
62%
US Los Angeles N3 Death by a Thousand Cuts
62%
US Nashville N1 Teardrops On My Guitar
62%
US Glendale N2 this is me trying
62%
US Cincinnati N1 Evermore
61%
US Denver N1 Picture To Burn
61%
US Glendale N2 State Of Grace
61%
US Nashville N1 Sparks Fly
59%
US Chicago N1 the lakes
59%
US East Rutherford N3 Welcome to New York
59%
US Los Angeles N2 You Are In Love
59%
Argentina Buenos Aires N3 Better Than Revenge
58%
US Minneapolis N2 Dear John
58%
US Nashville N2 Fifteen
58%
US Nashville N3 Mine
58%
US Pittsburgh N1 Mr. Perfectly Fine
58%
US Foxborough N3 Red
58%
US Philadelphia N2 This Love
58%
US Minneapolis N2 Daylight
56%
US Los Angeles N1 I Can See You
56%
US Los Angeles N6 New Romantics
56%
US Los Angeles N6 New Year's Day
56%
US Los Angeles N4 Exile
55%
US Atlanta N2 Gorgeous
55%
US Cincinnati N2- with Aaron Dessner Ivy
55%
US Tampa N3 Mean
55%
US Pittsburgh N2 The Story of Us
55%
US Denver N2 Back To December
54%
US Atlanta N1 coney island
54%
US Detroit N1 Haunted
54%
US Kansas City N2 Last Kiss
54%
US Santa Clara N1- with Aaron Dessner right where you left me
54%
US Kansas City N1 When Emma Falls In Love
54%
US Houston N1 Wonderland
54%
Mexico Mexico City N3 Cornelia Street
52%
US Foxborough N2 Invisible
52%
US Santa Clara N2 Stay Stay Stay
52%
US Philadelphia N3 The Best Day
52%
US Seattle N1 This Is Why We Can't Have Nice Things
52%
US Cincinnati N2 Call It What You Want
51%
US Los Angeles N4 Dress
51%
US Chicago N1 I Wish You Would
51%
US Los Angeles N5 King Of My Heart
51%
US Foxborough N1 Should've Said No
51%
Argentina Buenos Aires N3 Slut!
51%
US Las Vegas N2 White Horse
51%
US Philadelphia N2 Forever & Always
49%
US Philadelphia N3 Hey Stephen
49%
Brazil São Paulo N1 Innocent
49%
US Tampa N3- with Aaron Dessner mad woman
49%
Brazil São Paulo N1 Now That We Don't Talk
49%
US Las Vegas N1 Snow On The Beach
49%
Mexico Mexico City N2 Snow on the Beach
49%
Brazil Rio de Janeiro N3 So It Goes...
49%
US Houston N3 Cold As You
48%
Argentina Buenos Aires N2 Endgame
48%
US Atlanta N3 How You Get The Girl
48%
US Atlanta N3 I Bet You Think About Me
48%
US Minneapolis N1 Paper Rings
48%
US Foxborough N2 Question...?
48%
US Pittsburgh N2- with Aaron Dessner seven
48%
US Tampa N2- with Aaron Dessner The Great War
48%
US Denver N1 Timeless
48%
Mexico Mexico City N4 Afterglow
46%
Brazil Rio de Janeiro N2 Bigger Than The Whole Sky
46%
Brazil Rio de Janeiro N2 Dancing With Our Hands Tied
46%
US Philadelphia N1 gold rush
46%
Mexico Mexico City N1 I Forgot That You Existed
46%
Brazil São Paulo N3 Say Don't Go
46%
US Atlanta N1 The Other Side Of the Door
46%
US Detroit N2 All You Had To Do Was Stay
45%
US Houston N2 A Place In This World
45%
US Kansas City N2 Dorothea
45%
US Foxborough N3 I Think He Knows
45%
US Nashville N3- with Aaron Dessner Would've Could've Should've
45%
US Houston N3 Begin Again
44%
US Philadelphia N1 Come Back...Be Here
44%
US Seattle N2 Message in a Bottle
44%
US Kansas City N1 Never Grow Up
44%
US Pittsburgh N1 The Last Time
44%
US East Rutherford N2 Holy Ground
42%
Brazil São Paulo N3 It's Time To Go
42%
US Chicago N3 The Moment I Knew
42%
US Chicago N2- with Maren Morris You All Over Me
42%
US Santa Clara N1 Castles Crumbling
41%
US East Rutherford N2 False God
41%
US Detroit N1 I Almost Do
41%
US Los Angeles N5 I Know Places
41%
Brazil Rio de Janeiro N1 Suburban Legends
41%
US Tampa N1 Treacherous
41%
US Seattle N1 Everything Has Changed
39%
US Cincinnati N1 I'm Only Me When I'm With You
39%
US Arlington N3 Jump Then Fall
39%
Argentina Buenos Aires N1 Labyrinth
39%
US Chicago N2 I Don't Wanna Live Forever
38%
US Arlington N1 Sad Beautiful Tragic
38%
Argentina Buenos Aires N1 The Very First Night
38%
US Houston N2 Today Was A Fairytale
38%
Brazil São Paulo N2 Untouchable
38%
US Houston N1 You're Not Sorry
38%
US Detroit N2 Breathe
37%
US Atlanta N2 High Infidelity
37%
Brazil Rio de Janeiro N1 Stay Beautiful
37%
Mexico Mexico City N1 Sweet Nothing
37%
US Arlington N3 The Lucky One
37%
US Foxborough N1 Better Man
35%
US Chicago N3 Hits Different
35%
US Santa Clara N2 All of the Girls You Loved Before
34%
Brazil São Paulo N2 Safe & Sound
34%
US Denver N2 Starlight
31%
US Seattle N2 Tied Together with a Smile
31%
US Minneapolis N1 If This Was a Movie
28%
Mexico Mexico City N2 Tell me Why
28%
No matching quizzes found
Score Distribution
Percent of People with Each Score
Percentile by Number Answered
Your Score History
You have not taken this quiz